000 00467nam a22001697a 4500
003 BD-DhUL
005 20170418114915.0
008 170418s1963 nyu||||| |||| 00| 0 eng
040 _aBD-DhUL
_cBD-DhUL
082 _a621.393
_bUNR
110 2 _aEconomic commission for Europe
245 1 0 _aRural Electification :
_bvol. 6 /
260 _aNew York :
_bUnited Nations,
_c1963.
300 _av. ;
_c28 cm.
650 0 _aRural electirifiction
942 _2ddc
_cREF
999 _c184683
_d184683